Business market to weaken (Record no. 69177)
[ view plain ]
| 000 -LEADER | |
|---|---|
| fixed length control field | 00949cam a2200193 4500 |
| 001 - CONTROL NUMBER | |
| control field | WB3801-17 |
| 008 - FIXED-LENGTH DATA ELEMENTS--GENERAL INFORMATION | |
| fixed length control field | 020104n2002 000 0 eng u |
| 035 ## - SYSTEM CONTROL NUMBER | |
| System control number | (Sirsi) u116123 |
| 245 ## - TITLE STATEMENT | |
| Title | Business market to weaken |
| 260 ## - PUBLICATION, DISTRIBUTION, ETC. | |
| Date of publication, distribution, etc. | 2002 |
| 490 ## - SERIES STATEMENT | |
| Series statement | RICS Commercial Property Faculty News |
| Volume/sequential designation | 3 January 2002, (1) |
| 520 ## - SUMMARY, ETC. | |
| Summary, etc. | Activity in the commercial property market was stronger than expected during the last six months of 2001, but is likely to slip back in the first half of 2002. These are the key findings of CBI/ GVA Grimleyαs twice-annual survey. Around 250 private sector firms of all sizes, located in all regions, took part in the survey. The study is available at http://www.gvagrimley.co.uk |
| 590 ## - LOCAL NOTE (RLIN) | |
| Local note | WB |
| 650 ## - SUBJECT ADDED ENTRY--TOPICAL TERM | |
| Topical term or geographic name entry element | PROPERTY-COMMERCIAL PROPERTY-OFFICE PROPERTY-OFFICE PROPERTY MARKET |
| 650 ## - SUBJECT ADDED ENTRY--TOPICAL TERM | |
| Topical term or geographic name entry element | FORECAST |
| 650 ## - SUBJECT ADDED ENTRY--TOPICAL TERM | |
| Topical term or geographic name entry element | SUPPLY AND DEMAND |
| 690 ## - LOCAL SUBJECT ADDED ENTRY--TOPICAL TERM (OCLC, RLIN) | |
| Topical term or geographic name as entry element | PROPERTY-COMMERCIAL PROPERTY-COMMERCIAL PROPERTY MARKET |
| 942 ## - ADDED ENTRY ELEMENTS (KOHA) | |
| Suppress in OPAC | 0 |
| Withdrawn status | Lost status | Source of classification or shelving scheme | Damaged status | Not for loan | Home library | Current library | Shelving location | Date acquired | Total Checkouts | Full call number | Barcode | Date last seen | Copy number | Price effective from | Koha item type |
|---|---|---|---|---|---|---|---|---|---|---|---|---|---|---|---|
| Dewey Decimal Classification | London | London | News article | 04/01/2002 | WB3801-17 | 116123-1001 | 06/08/2019 | 1 | 06/08/2019 | News article |